| 000 | 00868nam a22001577a 4500 | ||
|---|---|---|---|
| 003 | OSt | ||
| 005 | 20150918162507.0 | ||
| 008 | 150918b xxu||||| |||| 00| 0 eng d | ||
| 040 | _cRUA | ||
| 082 | _aAGR PRA 2005 B032 Or.1 | ||
| 100 |
_9792 _aPRAK VUTHEA |
||
| 245 | _aUsing the botanical insecticde to control insect pest on green mustard in experimental station of royal university of agriculture,(ការប្រើប្រាស់ថ្នំាផ្សំពីរុក្ខជាតិក្នុងការកំចាត់ សត្វចង្រៃលើដំណាំស្ពៃចង្កឹះ នៅស្ថានីយ៍ពិសោធន៍ដំាណាំនៃសាកលវិទ្យាល័យភូមិន្ទកសិកម្ម) | ||
| 260 |
_aphnom penh _bRUA _c2005 |
||
| 300 |
_axi,38p. _cill. _g29cm. |
||
| 942 |
_2ddc _cAGR |
||
| 999 |
_c760 _d760 |
||